Stereoselectivity of pesticides : (Record no. 7056)

MARC details
000 -LEADER
fixed length control field 00843cam a22002657a 4500
001 - CONTROL NUMBER
control field BD-DhSAU 7056
003 - CONTROL NUMBER IDENTIFIER
control field BD-DhSAU
005 - DATE AND TIME OF LATEST TRANSACTION
control field 20150517121813.0
008 - FIXED-LENGTH DATA ELEMENTS--GENERAL INFORMATION
fixed length control field 880630s1988 ne a 001 0 eng
020 ## - INTERNATIONAL STANDARD BOOK NUMBER
International Standard Book Number 0444428534
040 ## - CATALOGING SOURCE
Original cataloging agency BD-DhSAU
082 ## - DEWEY DECIMAL CLASSIFICATION NUMBER
Edition number 22
Classification number 632.95
Item number STE
245 00 - TITLE STATEMENT
Title Stereoselectivity of pesticides :
Remainder of title biological and chemical problems /
Statement of responsibility, etc. edited by E.J. Ariëns, J.J.S. van Rensen, W. Welling
260 ## - PUBLICATION, DISTRIBUTION, ETC. (IMPRINT)
Place of publication, distribution, etc. Amsterdam :
-- New York :
Name of publisher, distributor, etc. Elsevier,
Date of publication, distribution, etc. c1988.
300 ## - PHYSICAL DESCRIPTION
Extent x, 544 p. :
Other physical details ill. ;
Dimensions 24 cm.
440 #0 - SERIES STATEMENT/ADDED ENTRY--TITLE
Title Chemicals in agriculture
Volume/sequential designation v. 1
504 ## - BIBLIOGRAPHY, ETC. NOTE
Bibliography, etc Includes bibliographical references & index.
590 ## - Name of Cataloguer
Name of Cataloger Jerin
650 ## - SUBJECT ADDED ENTRY--TOPICAL TERM
Topical term or geographic name as entry element Plant Pathology
650 ## - SUBJECT ADDED ENTRY--TOPICAL TERM
Topical term or geographic name as entry element pesticides
700 1# - ADDED ENTRY--PERSONAL NAME
Personal name Ariëns, E. J.
Fuller form of name (Evehardus Jacobus)
700 1# - ADDED ENTRY--PERSONAL NAME
Personal name Rensen, J. J. S. van
700 1# - ADDED ENTRY--PERSONAL NAME
Personal name Welling, W.
942 ## - ADDED ENTRY ELEMENTS (KOHA)
Source of classification or shelving scheme Dewey Decimal Classification
Koha item type Book
Holdings
Withdrawn status Lost status Source of classification or shelving scheme Damaged status Not for loan Collection code Home library Branch Name Shelving location Date acquired Total Checkouts Full call number Barcode Date last seen Price effective from Koha item type
    Dewey Decimal Classification   Not For Loan Reference SAU Library SAU Library Reference 20/06/1993   632.95 STE 23939 17/05/2015 17/05/2015 Book